| 000 | 01708ngm a2200337 4500 | ||
|---|---|---|---|
| 003 | dpl | ||
| 005 | 20080723110517.0 | ||
| 007 | DVD | ||
| 008 | ||||||sp199 xxu|||||c|||| 00| 0 eng d | ||
| 010 | _aDVD-000939-941 | ||
| 024 |
_a29409 _c399.00 |
||
| 035 | _aDVD-000939-941 | ||
| 040 |
_aDPL _cDPL |
||
| 082 | _aDVD / SIMP | ||
| 245 |
_aSimpsons Around The World in 80 D'ohs, The _c20th Century Fox Presents _h[videorecording] DVD/ |
||
| 246 | _a. | ||
| 260 | _b20th Century Fox Home Entertainment | ||
| 300 |
_a2 videodisc DVD; (88 min.) : _bsd., col. ; _c4 3/4 in. _fDVD |
||
| 440 | _a20th Centyry Fox Home Entertainment | ||
| 500 | _aSole Distributor in India M/s. Excel Productions Autio Visuals Pvt. Ltd. | ||
| 500 | _aThis DVD is Copy Protected | ||
| 500 | _aThis Simpsons Shatter The Globe | ||
| 538 | _aDolby Digital 5.1-English Subtitles: English,French, german, Italian, Dutch, Swedish, Danish | ||
| 538 | _aAspect Ratio: 2.35:1, Presentation type: Full Frame, Presentation Size 4x3, Format DVD 9 Dual Layer Single Sided Disc. | ||
| 650 | _aAnimated Movie | ||
| 942 |
_cCF _2ddc _hDVD _mSIMP |
||
| 999 |
_c16746 _d16746 |
||